Misère de la philosophie: réponse à la philosophie de la misère de M. Proudhon

Gorde:
Xehetasun bibliografikoak
Formatua: Liburua
Hizkuntza:frantsesa
Argitaratua: París Éditions Sociales 1968
Saila:Oeuvres Complètes de Karl Marx
Gaiak:
Etiketak: Etiketa erantsi
Etiketarik gabe, Izan zaitez lehena erregistro honi etiketa jartzen!

MARC

LEADER 00000nam a2200000 a 4500
001 UCZ5718
003 CL-VaPUC
005 20220325092642.0
008 951124e19680000FR |||||||||||||||||fre|d
999 |c 242008  |d 242006 
040 |c Pontificia Universidad Católica de Valparaíso 
082 0 4 |a 335.4  |b MAR  |2 21 
245 1 0 |a Misère de la philosophie: réponse à la philosophie de la misère de M. Proudhon 
260 |a París  |b Éditions Sociales  |c 1968 
300 |a 220 p 
490 0 |a Oeuvres Complètes de Karl Marx 
583 |a last modification  |c 19951124 00:00:00  |k Rodrigo Vera 
600 0 |a Proudhon, Pierre Joseph  |e autor  |9 349879 
650 0 |a Comunismo  |9 255588 
650 0 |a Ideologías  |9 255200 
650 0 |a Doctrinas políticas  |9 255835 
650 7 |a FILOSOFIA POLITICA  |2 CL-VaPUC  |9 349880 
650 0 |a Economía   |9 255568 
650 0 |a Política  |9 255312 
650 0 |a Filosofía francesa   |9 255698 
942 |c BK  |2 ddc 
945 |d 19951124 00:00:00  |a cmena 
952 |0 0  |1 0  |4 0  |6 335_400000000000000_MAR_1968  |7 0  |8 P  |9 254670  |a BIBEDU  |b BIBEDU  |c BIBEDU_PB  |d 2019-11-19  |i 1576429  |o 335.4 MAR 1968  |p 1576429  |r 2024-01-25  |w 2019-11-19  |y BK  |k FIL 
952 |0 0  |1 0  |4 0  |6 335_400000000000000_MAR_1968  |7 0  |8 P  |9 254671  |a BIBEDU  |b BIBEDU  |c BIBEDU_PB  |d 2019-11-19  |i 1576410  |o 335.4 MAR 1968  |p 1576410  |r 2024-01-25  |w 2019-11-19  |y BK  |k FIL 
952 |0 0  |1 0  |4 0  |6 335_400000000000000_MAR_1968  |7 0  |8 P  |9 254672  |a BIBEDU  |b BIBEDU  |c BIBEDU_PB  |d 2019-11-19  |i 1576461  |o 335.4 MAR 1968  |p 1576461  |r 2024-01-25  |w 2019-11-19  |y BK  |k FIL